| 000 | 01357nam0a2200325 4500 | ||
|---|---|---|---|
| 001 | RU\NLR\bibl\569920 | ||
| 005 | 20250610132848.0 | ||
| 010 | _a5-288-03529-6 | ||
| 021 |
_aRU _b2005-35270 _91759 |
||
| 035 | _a(NLR Aleph) 000561992 | ||
| 090 |
_a1538335 _c1538335 |
||
| 100 | _a20041102d2004 |||y0rusy50 ca | ||
| 101 | 1 |
_arus _acat _ccat |
|
| 102 | _aRU | ||
| 105 | _ay ||||||||| | ||
| 200 | 1 |
_aНедосказанная мечта _dEl somni a mig dir _e[Стихи] _eДвуязыч. изд. под общ. ред. Елены Зерновой _eПер. с каталон. _fРоза Леверони _g[Предисл.: Виньет Паньелья] _zcat |
|
| 210 |
_aСПб. _cИзд-во СПбГУ _d2004 |
||
| 215 |
_a146, [1] с. _d17 |
||
| 300 | _aАвт. также на каталон. яз.: Rosa Leveroni | ||
| 327 | 1 | _aСодерж.: Циклы: Эпиграммы и песни; Явь и воспоминание; Поэзия; Другие стихотворения | |
| 510 | 1 |
_6z55790 _aEl somni a mig dir _zcat |
|
| 686 | _aШ6(4Ис=К)07-5я44{Лх1590} | ||
| 700 | 1 |
_aЛеверони _bР. _f1910-1985 _gРоза _4070 |
|
| 790 | 1 |
_6z55510 _aLeveroni _bR. _f1910-1985 _gRosa _4070 |
|
| 801 | 0 |
_aRU _bNLR _c20041102 _gPSBO |
|
| 801 | 1 |
_aRU _bNLR _c20041102 |
|
| 830 | _aсер. нет. | ||
| 942 | _cBOOK | ||
| 980 | _aNB | ||